Your career in landscape architecture.

Saved in:
நூற்பட்டியல் விவரங்கள்
குழும எழுத்தாளர்: Iowa State College.
வடிவம்: புத்தகம்
மொழி:English
வெளியீடப்பட்டது: [Ames, Iowa : Iowa State College, 19--?]
பகுதிகள்:
குறியீடுகள்: குறிச்சொல் இணை
குறியீடுகள் இல்லை, இந்த குறிச்சொல்லை முதலில் பதிவு செய்யுங்கள்!
LEADER 00523nam a22001697u 4500
001 000000345-X
005 20020606090541.3
008 830127|19001955||||||| |||| |0||||eng|d
035 0 |a ocn961923080 
245 0 0 |a Your career in landscape architecture. 
260 0 |a [Ames, Iowa :  |b Iowa State College,  |c 19--?] 
300 |a [7] p. :  |b ill. ;  |c 90 x 230 mm. 
650 0 |a Landscape architecture  |x Study and teaching. 
650 0 |a Landscape architecture  |x Vocational guidance. 
710 2 |a Iowa State College. 
988 |a 20020608 
906 |0 MH